| 000 | 01157cam a2200241 a 4500 | ||
|---|---|---|---|
| 001 | 000010027 | ||
| 005 | 20200929161816.0 | ||
| 008 | 820812m19801981ve a b 101 0 spa | ||
| 040 |
_aDO-SdBNP _bspa _cBNPHU |
||
| 082 |
_axxxx _b19 _bB446l |
||
| 245 | 0 | 0 |
_aBello y Londres : _bsegundo congreso del bicentenario. |
| 260 |
_aCaracas : _bFundación La Casa de Bello, _c1980. |
||
| 300 |
_a2 v. : _bil. ; _c24 cm. |
||
| 500 | _aActas de una reunión organizada por la Fundación La Casa de Bello y la Comisión Nacional para la Celebración del Bicentenario de Don Andrés Bello y realizada en La Casa de Bello, noviembre 22-28, 1979. | ||
| 504 | _aIncluye bibliografía e índices. | ||
| 600 | 1 | 0 |
_aBello, Andrés, _d1781-1865 _xHomes and haunts _zEngland _zLondon _xCongresses. _924980 |
| 651 | 0 |
_aLondon (England{Rpara} _xHistory _y1800-1950 _xCongresses. _924981 |
|
| 600 | 1 | 0 |
_aBello, Andres, _d1781-1865 _xCriticism and interpretation _xCongresses. _924982 |
| 710 | 2 |
_aFundación La Casa de Bello. _96770 |
|
| 710 | 2 |
_aComisión Nacional para la Celebración del Bicentenario de Don Andrés Bello. _96771 |
|
| 910 | _aCatalogación por copia / LC | ||
| 049 | _aBNGR | ||
| 999 |
_c9786 _d9786 |
||